Atatürk'e saldırmanın dayanılmaz hafifliği / (Record no. 13201)

MARC details
000 -BAŞLIK
Sabit Uzunlukta Kontrol Alanı 00788nam a22002297a 4500
999 ## - SİSTEM KONTROL NUMARALARI (KOHA)
Koha Biblionumber 13201
Koha Biblioitemnumber 13201
003 - KONTROL NUMARASI IDENTIFIER
Denetim Alanı MIRAKIL
005 - SON İŞLEM TARİHİ VE ZAMANI
Denetim Alanı 20211214000614.0
008 - SABİT-BOY VERİ ELEMANLARI - GENEL BİLGİLER
Sabit Uzunlukta Kontrol Alanı 190426b tu ||||| |||| 00| 0 tur d
020 ## - ULUSLARARASI STANDART KİTAP NUMARASI
Uluslararası Standart Kitap Numarası 9786052982525
040 ## - KATALOGLAMA KAYNAK
Orijinal Kataloglama Ajansı TR-AnCHP
Metne Dönüştürmek Ajansı TR-AnCHP
041 ## - DİL KODU
Metin / Ses Parça Veya Ayrı Başlığın Dil Kodu tur
082 ## - DEWEY ONLU SINIFLANDIRMA NUMARASI
Sınıflandırma Numarası ATA 923.156
Ürün Numarası K47a 2018
100 1# - ANA GİRİŞ - KİŞİSEL İSİM
Kişisel Ad Kışlalı, Ahmet Taner
Bir Adıyla İlişkilendirilen Tarihler 1939-1999
245 10 - BAŞLIK TABLOSU
Başlık Atatürk'e saldırmanın dayanılmaz hafifliği /
Sorumluluk Tablosu, Vb Ahmet Taner Kışlalı.
260 ## - YAYIN, DAĞITIM, VB
Yayın, Dağıtım, Vb Yeri İstanbul :
Yayıncı, Dağıtıcı, Vs Adı Kırmızı kedi yayınevi ,
Yayın, Dağıtım, Vb Tarihi 2018.
300 ## - FİZİKSEL TANIM
Kapsam 411 s.:
Boyutlar 20 sm.
490 0# - SERİSİ TABLOSU
Seri Beyanı Kırmızı kedi yayınevi ;
-- İnceleme ;
Hacim / Ardışık Tanımı 894.
-- 73.
600 14 - KONU KATMA GİRİŞ - KURUMSAL ADI
9 (RLIN) 4360
Kişisel Ad Kışlalı, Ahmet Taner
Başlıklar Ve Bir Adla İlişkili Diğer Kelimeler Gazeteci
Bir Adıyla İlişkilendirilen Tarihler 1939-1999
Genel Alt Bölümü gazete yazıları
650 #0 - KONU KATMA GİRİŞ - TOPİKAL DÖNEM
Topikal Süreli Veya Coğrafi Ad Giriş Elemanı Siyaset ve yönetim
Genel Alt Bölümü Türkiye
9 (RLIN) 9
650 #0 - KONU KATMA GİRİŞ - TOPİKAL DÖNEM
9 (RLIN) 5673
Topikal Süreli Veya Coğrafi Ad Giriş Elemanı Kemalizm
Genel Alt Bölümü Türkiye
942 ## - EKLENDİ GİRİŞ ELEMANLARI (KOHA)
Sınıflandırma Veya Raf Düzeni Kaynak Dewey Decimal Classification
Koha Öğesi Türü Books
Holdings
Kalıcı Konum Mevcut Konum Edinme Tarihi Toplam Check-Out'Lar Tam Çağrı Numarası Barkod Tarih Son Görülme İtibaren Geçerli Fiyatlar Koha Öğesi Türü
CHP Kütüphanesi CHP Kütüphanesi 04/26/2019   ATA 923.156 K47a 2018 006254 04/26/2019 04/26/2019 Books